00590nam a2200193Ii 450000100060000000300090000600800410001502000150005604000330007104100080010408200170011210000370012924500700016626400670023630000120030333600260031533700280034133800270036914561CO-ViMGA241108s9999||||xx |||||||||||||| ||und|| a9588205875 aCO-ViMGAbspaerdacCO-ViMGA0 aspa04a384.556 V49u1 amilcíades Vizcaíno gutierrez10aUniversidad y medios masivos:bdel estado de bienestar al mercado 1aBogotá, Colombia : universidad cooperativa de colombia, 2006 avolumen atextbtxt2rdacontent aunmediatedbn2rdamedia avolumebnc2rdacarrier